Obchodní zastupitelství v ohrožení.
V ČSFR je pri FMZO a MOCR zapísaných asi 1500 obchodných zastupiteľstiev zahraničných osôb. Obchodný zákonník v paragrafe 768 ods. 4 ukladá týmto zastupiteľstvám povinnosť zapísať sa do obchodného registra najneskôr do konca júna 1992. Predbežné zložité úpravy potrebné pre tento zápis môžu spôsobiť...
Salvato in:
| Autore principale: | |
|---|---|
| Natura: | Capitolo di libro |
| Lingua: | ceco |
| Soggetti: | |
| Tags: |
Nessun Tag, puoi essere il primo ad aggiungerne!!
|
MARC
| LEADER | 00000naa a2200000 4500 | ||
|---|---|---|---|
| 001 | r007893 | ||
| 005 | 20220831083913.5 | ||
| 041 | 0 | |a cze | |
| 044 | |a [CS] | ||
| 245 | 1 | 0 | |a Obchodní zastupitelství v ohrožení. |c S. Myslil |
| 520 | |a V ČSFR je pri FMZO a MOCR zapísaných asi 1500 obchodných zastupiteľstiev zahraničných osôb. Obchodný zákonník v paragrafe 768 ods. 4 ukladá týmto zastupiteľstvám povinnosť zapísať sa do obchodného registra najneskôr do konca júna 1992. Predbežné zložité úpravy potrebné pre tento zápis môžu spôsobiť aj zánik niektorých týchto firiem. | ||
| 610 | 2 | 0 | |a zastupiteľstvá obchodné |
| 610 | 2 | 0 | |a ČSFR |
| 610 | 2 | 0 | |a zákony |
| 610 | 2 | 0 | |a register obchodný |
| 610 | 2 | 0 | |a zákonník obchodný |
| 610 | 2 | 0 | |a FMZO Praha |
| 610 | 2 | 0 | |a MOCR ČR Praha |
| 100 | 1 | |a Myslil, S. | |